000 00327nam a2200145Ia 4500
008 150201s2012 xx 000 0 und d
082 _a616.07
_bV12P
100 _aPUNIA, RAJPAL
245 _aVIVA IN PATHOLOGY
250 _a1ST
260 _bAITBS
_aDELHI
_c2012
300 _a182
650 _aPATHOLOGY
942 _2ddc
_cBK
_04
999 _c2413
_d2413